000 00585nam a2200205Ia 4500
005 20250508154133.0
008 008 250505s9999 xx 000 0 eng d
037 _aTextual
040 _aFEDL
_beng
_cFEDL
041 _aeng
_2eng
084 _a371.3, GOE
_qFEDL
100 _aGoetting M L
_9765125
245 0 _aTeaching in the secondary school
260 _aNew York, USA
_bPrentice Hall
_c1942
300 _axiii,519p.
490 _aPrentice-Hall Education
650 _aTeacher - Techniqe
_9756430
942 _cTEXL
_h371.3, GOE
999 _c1347920
_d1347920